000 00572nam a2200169 i 4500
001 47151
003 ES-MaACL
005 20230906161519.0
007 t|
008 200728s1871 sp ||||1| spa d
110 0 _aEspaña.
_bMinisterio de Fomento.
_93868
245 1 0 _aReglamento interior del Ministerio de Fomento
_b: aprobado por Real Decreto de 12 de Mayo de 1871.
260 _aMadrid :
_bCol. Nac. de Sordomudos y Ciegos,
_c1871.
300 _a31 p. ;
_c21 cm.
610 2 4 _aEspaña.
_bMinisterio de Fomento-
_vReglamentos.
_9170202
852 _aES-MaACL
_jT-547-F-1
999 _c47151
_d47151